000 00332nam a22001337a 4500
008 170620b xxu||||| |||| 00| 0 eng d
020 _a9780385518277
041 _aeng
080 _a324
100 _a20
101 _aSHP
245 _aIMPOSTOR BANKUPTED AMERICA AND BETRAYED THE REAGAN LEGACY
_cBUSH.G.W
942 _2udc
_cBK
999 _c18317
_d18317